Maastricht ¡...Jesús! / (Registro nro. 13149)

Detalles MARC
000 -LEADER
fixed length control field 00727nam a22002417a 4500
003 - CONTROL NUMBER IDENTIFIER
control field DO-SdBNP
005 - DATE AND TIME OF LATEST TRANSACTION
control field 20171128093830.0
008 - FIXED-LENGTH DATA ELEMENTS--GENERAL INFORMATION
fixed length control field 161031b 1998 sp a 00| 0 spa d
040 ## - CATALOGING SOURCE
Original cataloging agency BPMSU
Language of cataloging spa
Transcribing agency BPMSU
082 ## - DEWEY DECIMAL CLASSIFICATION NUMBER
Classification number xxxx
Item number xxxx
100 1# - MAIN ENTRY--PERSONAL NAME
Personal name Ibáñez, Francisco
Dates associated with a name 1936-
245 10 - TITLE STATEMENT
Title Maastricht ¡...Jesús! /
Statement of responsibility, etc. Francisco Ibáñez
260 ## - PUBLICATION, DISTRIBUTION, ETC. (IMPRINT)
Place of publication, distribution, etc. Barcelona :
Name of publisher, distributor, etc. Ediciones B,
Date of publication, distribution, etc. 1998.
300 ## - PHYSICAL DESCRIPTION
Extent 48 p. :
Other physical details il.
Dimensions 32 cm.
490 0# - SERIES STATEMENT
Series statement Magos del humor
490 0# - SERIES STATEMENT
Series statement Una aventura de Mortadelo y Filemón
830 #0 - SERIES ADDED ENTRY--UNIFORM TITLE
Uniform title Magos del humor
830 #0 - SERIES ADDED ENTRY--UNIFORM TITLE
Uniform title Una aventura de Mortadelo y Filemón
910 ## - USER-OPTION DATA (OCLC)
User-option data 000144
942 ## - ADDED ENTRY ELEMENTS (KOHA)
Source of classification or shelving scheme Dewey Decimal Classification
Koha item type Libros
945 ## - LOCAL PROCESSING INFORMATION (OCLC)
a Inventariado extranjero / 2017 YL
956 ## - LOCAL ELECTRONIC LOCATION AND ACCESS (OCLC)
Host name YLOCKWARD
Access number 10
Compression information 20171128
Path 144
Existencias
Withdrawn status Lost status Source of classification or shelving scheme Damaged status Not for loan Collection code Home library Current library Date acquired Source of acquisition Total Checkouts Full call number Barcode Date last seen Price effective from Koha item type
    Dewey Decimal Classification     Colección Infantil General Biblioteca Pública Metropolitana Salomé Ureña Biblioteca Pública Metropolitana Salomé Ureña 11/28/2017 Sin sellar   xxxx xxxx BPMSU17110477 11/28/2017 11/28/2017 Libros